| 000 | 00362nam a2200157Ia 4500 | ||
|---|---|---|---|
| 008 | 210210b1952 xxu||||| |||| 00| 0 eng d | ||
| 041 | _aeng | ||
| 082 | _a330/183 | ||
| 100 | _aHARROD (R F) | ||
| 245 | _aEconomic essays | ||
| 260 |
_aLondon _bMacmillan & Co. Ltd. _c1952 |
||
| 650 | _aessays | ||
| 650 | _aEconomic | ||
| 690 | _aEconomics | ||
| 906 | _a003586 | ||
| 999 |
_c119524 _d119524 |
||